000 00536nam a2200181Ia 4500
005 20250508153126.0
008 008 250505s9999 xx 000 0 eng d
037 _aTextual
040 _aFEDL
_beng
_cFEDL
041 _aeng
_2eng
084 _a375.3, KEN
_qFEDL
100 _aKenworthy Leonard S
_9760378
245 0 _aGuide to social studies teaching in secondary schools
260 _aBelmont
_bWadsworth Publishing Company
_c1962
300 _axvi,393p.
942 _cTEXL
_h375.3, KEN
999 _c1340819
_d1340819